| 000 | 00635nam a2200241Ia 4500 | ||
|---|---|---|---|
| 003 | OSt | ||
| 005 | 20221005131249.0 | ||
| 006 | a|||||r|||| 00| 0 | ||
| 007 | ta | ||
| 008 | 221004b |||||||| |||| 00| 0 eng d | ||
| 024 | _a61639 | ||
| 037 | _cTextual | ||
| 040 |
_aCRL _cCRL _beng |
||
| 041 |
_2eng _aeng |
||
| 082 | _aR672:6x2:1, G8 | ||
| 100 |
_aSharma Madhusudan Ed. _9639343 |
||
| 245 | 0 | _aShrimad bhagwat gita, Vijyana bhasa comm. by Ramanuja | |
| 260 | _c1938 | ||
| 300 |
_avp _ccm. |
||
| 650 | _aPHILOSOPHY | ||
| 942 |
_hR672:6x2:1, G8 _cTEXL _2cc |
||
| 999 |
_c1059798 _d1059798 |
||